| 000 | 00743nam a2200205 4500 | ||
|---|---|---|---|
| 999 |
_c186342 _d186342 |
||
| 005 | 20220223164235.0 | ||
| 010 | _aENG-131773 | ||
| 020 |
_a9789388096287 _c334.00 |
||
| 035 | _aEN-115305 | ||
| 037 | _bDBAD/PUB | ||
| 082 | _a620.1 | ||
| 100 | _aReddy, K. Vijaya Kumar | ||
| 245 |
_aEngineering Mechanics/ _cVijaya Kumar Reddy, N. Chandra Sekhar Reddy and U. Sudhakar |
||
| 260 |
_aHyderabad _bSevenHills International Publishers _c2020 |
||
| 270 |
_a#326/C, Level - 2, Surneni Nilayam, Near BK Guda Park, S R Nagar _bHyderabad _e500038 _k011238000657 _mstudentshelpline.in@gmail.com |
||
| 300 |
_axii,424p. _c24cm(pbk) |
||
| 700 | _aReddy, N. Chandra Sekhar | ||
| 700 | _a Sudhakar, U. | ||
| 942 |
_2ddc _cEN _h620.1 _mRED |
||